00868nam a2200241Ia 4500008004100000020001800041040001400059082002100073100003300094245005700127260003800184300001400222365002800236366000900264505002200273520004600295530006000341536002800401620004300429630005700472650004000529730005700569100315s9999 xx 000 0 und d a033 93342 7  cENGLISH  b6449 a658.71  a"Raghuram, G., Rangaraj, N " aLogistics Supply Chain Management : Cases & Concepts aNew Delhi bMacMillan  c2006  a423 pg   eRupees d1 b268.20  f10  gVinayak Gonjare  aInclude References Bibliography & Index  bBG-(Shubham Books) 1097/19-11-2007 a1097/19-11-2007  a01/04/2007-31/03/2008  a"Logistics, Supply Chain Management " aLogistics Supply Chain Management : Cases & Concepts aLogistics Supply Chain Management  aLogistics Supply Chain Management : Cases & Concepts